[Event "Karnataka State Open-ch 2018"]
[Site "Bengaluru"]
[Date "2018.04.17"]
[Round "8"]
[White "Gahan, M G"]
[Black "Arnav, Muralidhar"]
[Result "1/2-1/2"]
[WhiteElo "2281"]
[BlackElo "1410"]
[Annotator "TA"]
[PlyCount "38"]
[EventDate "2018.??.??"]
[EventType "swiss"]
[EventCountry "IND"]
[SourceTitle "playchess.com"]
[Source "ChessBase"]
[SourceQuality "1"]

{[%evp 12,38,16,0,95,97,98,47,45,53,66,0,53,10,80,0,0,-81,-4,-141,-131,-194,-206,-195,-190,-693,-679,-689,-661]} 1. e4 c5 2. c3 d5 3. exd5 Qxd5 4. d4 Nf6 5. Nf3 Bg4 6. dxc5 Qxc5 7. Be3 {LiveBook: 40 Games. B22: Sicilian: 2 c3} (7. h3 Bh5 8. Na3 a6 9. Be3 Qc7 10. Qa4+ Nbd7 11. Bf4 {½-½ (11) Zhigalko,S (2656)-Topalov,V (2813) Baku 2015}) 7... Qh5 (7... Qc7 $11) 8. Nbd2 $16 e6 $146 ({Predecessor:} 8... Nbd7 9. Qa4 a6 10. Qb3 b5 11. a4 Be6 12. Qc2 Rb8 13. axb5 axb5 14. Nd4 Ng4 {1-0 (32) Arnott,J (2117)-Lindsoe,F (2001) Gibraltar 2008}) 9. Qb3 (9. Qa4+ $16 Nbd7 10. Bg5) 9... Nbd7 $14 10. Qxb7 Rb8 {[%cal Ba8b8,Bb8b2,Bb2a2][%mdl 32]} 11. Qa6 ({White should try} 11. Qxa7 $14 Bxf3 12. Nxf3) 11... Be7 ({Black should play} 11... Bxf3 $11 12. Nxf3 Bc5) 12. Be2 (12. Nd4 $5 {[%cal Rd4c6]} O-O 13. Nc6 $16) 12... Nd5 (12... O-O $11 {remains equal.}) 13. Bxa7 (13. O-O-O $16) 13... Rxb2 $11 {aiming for ...0-0.} 14. Qc8+ Bd8 {And now ...Nf4 would win.} 15. Be3 {[#]} (15. Bd1 $1 $11 {keeps the balance.} Bxf3 16. Nxf3) 15... e5 $1 $36 {[%mdl 2048] Black is on the roll.} 16. h3 (16. O-O-O $17 Rxa2 17. Bc4 Nxe3 18. fxe3 Ra1+ 19. Kb2 Rxd1 20. Rxd1) 16... O-O 17. O-O-O Rxa2 18. hxg4 $2 (18. Qc4 Ra1+ 19. Kb2 Nxe3 20. fxe3) 18... Qg6 $19 {[%csl Ga2][%cal Rg6c2]} 19. Ne4 Nxe3 {[%mdl 32768] Precision: White = 20%, Black = 74%. . An unexpected result.} ({Less strong is} 19... Rxe2 20. Qxd7 Nxe3 21. Rd2 $19) ({Wrong is} 19... Qxe4 $2 20. Bd3 $18) 1/2-1/2

[Event "Karnataka State Open-ch 2018"]
[Site "Bengaluru"]
[Date "2018.04.17"]
[Round "8"]
[White "Ojas, Kulkarni"]
[Black "Malla, Nooka Raju"]
[Result "1-0"]
[WhiteElo "2252"]
[BlackElo "1969"]
[Annotator "ChessBase"]
[PlyCount "153"]
[EventDate "2018.??.??"]
[EventType "swiss"]
[EventCountry "IND"]
[SourceTitle "playchess.com"]
[Source "ChessBase"]
[SourceQuality "1"]
[TimeControl "5400+30"]

1. Nf3 {[%emt 0:00:00]} Nf6 {[%emt 0:00:12]} 2. b3 {[%emt 0:00:12]} d5 {[%emt 0:00:30]} 3. g3 {[%emt 0:00:20]} g6 {[%emt 0:01:01]} 4. Bg2 {[%emt 0:00:07]} Bg7 {[%emt 0:00:05]} 5. Bb2 {[%emt 0:00:06]} O-O {[%emt 0:00:52]} 6. c4 {[%emt 0:00:17]} c6 {[%emt 0:00:48]} 7. O-O {[%emt 0:00:08]} Bd7 {[%emt 0:00:56]} 8. h3 {[%emt 0:04:05]} Qb6 {[%emt 0:03:56]} 9. Qc1 {[%emt 0:15:42]} Ne4 {[%emt 0:02:19]} 10. Bxg7 {[%emt 0:00:58]} Kxg7 {[%emt 0:03:44]} 11. Qb2+ {[%emt 0:02:51]} f6 {[%emt 0:00:46]} 12. Qd4 {[%emt 0:00:28]} e5 {[%emt 0:08:02]} 13. Qxb6 {[%emt 0:01:07]} axb6 {[%emt 0:00:06]} 14. cxd5 {[%emt 0:11:49]} cxd5 {[%emt 0:00:22]} 15. d3 {[%emt 0:00:16]} Nc5 {[%emt 0:00:14]} 16. Nc3 {[%emt 0:04:28]} d4 {[%emt 0:00:20]} 17. Nd5 {[%emt 0:00:23]} b5 {[%emt 0:05:21]} 18. Rfc1 {[%emt 0:08:04]} Nba6 {[%emt 0:00:40]} 19. Nb6 {[%emt 0:01:32]} Rad8 {[%emt 0:01:48]} 20. b4 {[%emt 0:05:57]} Na4 {[%emt 0:00:15]} 21. Nxa4 {[%emt 0:00:02]} bxa4 {[%emt 0:13:00]} 22. a3 {[%emt 0:00:39]} Bc6 23. Nd2 {[%emt 0:00:02]} Bxg2 {[%emt 0:01:27]} 24. Kxg2 {[%emt 0:20:24]} Rf7 {[%emt 0:19:43]} 25. Ne4 {[%emt 0:01:22]} Rc7 {[%emt 0:01:15]} 26. b5 {[%emt 0:00:10]} Rxc1 {[%emt 0:00:05]} 27. Rxc1 {[%emt 0:00:15]} Nb8 {[%emt 0:00:55]} 28. Nc5 {[%emt 0:02:43]} Rd5 {[%emt 0:06:55]} 29. b6 {[%emt 0:10:35]} Kh6 {[%emt 0:03:40]} 30. Rc4 {[%emt 0:00:06]} Nd7 {[%emt 0:00:22]} 31. Nxd7 {[%emt 0:00:17]} Rxd7 {[%emt 0:00:12]} 32. Rc7 {[%emt 0:00:46]} Rd5 {[%emt 0:00:07]} 33. Rxb7 {[%emt 0:00:22]} Rb5 {[%emt 0:00:12]} 34. Ra7 {[%emt 0:00:02]} Rxb6 {[%emt 0:00:51]} 35. Rxa4 {[%emt 0:05:55]} Kg5 {[%emt 0:00:37]} 36. Ra5 {[%emt 0:00:22]} h5 37. f4+ {[%emt 0:00:11]} Kf5 {[%emt 0:00:54]} 38. Kf3 Ke6 39. fxe5 {[%emt 0:00:40]} f5 {[%emt 0:07:28]} 40. h4 {[%emt 0:01:21]} Rb1 {[%emt 0:04:05]} 41. Ra6+ Kxe5 {[%emt 0:00:27]} 42. Rxg6 {[%emt 0:00:37]} Rf1+ 43. Kg2 Ra1 {[%emt 0:00:39]} 44. Ra6 {[%emt 0:01:00]} Ra2 45. Kf3 {[%emt 0:00:10]} Ra1 {[%emt 0:02:15]} 46. Ra5+ {[%emt 0:00:19]} Kf6 {[%emt 0:00:13]} 47. Ra6+ {[%emt 0:00:11]} Ke5 {[%emt 0:00:15]} 48. Ra5+ {[%emt 0:00:02]} Kf6 {[%emt 0:00:08]} 49. Ra8 {[%emt 0:00:08]} Rf1+ {[%emt 0:01:06]} 50. Kg2 {[%emt 0:00:00]} Re1 {[%emt 0:00:15]} 51. Kf2 Ra1 {[%emt 0:00:14]} 52. a4 {[%emt 0:00:27]} f4 53. a5 {[%emt 0:04:27]} fxg3+ {[%emt 0:01:26]} 54. Kxg3 {[%emt 0:00:06]} Rg1+ {[%emt 0:04:12]} 55. Kf2 {[%emt 0:00:05]} Rg7 {[%emt 0:00:19]} 56. a6 {[%emt 0:00:27]} Kf5 {[%emt 0:00:08]} 57. Kf3 {[%emt 0:00:12]} Rf7 {[%emt 0:00:28]} 58. Re8 {[%emt 0:01:33]} Ra7 {[%emt 0:00:32]} 59. Re4 {[%emt 0:00:14]} Rxa6 {[%emt 0:00:26]} 60. Rxd4 {[%emt 0:00:12]} Ra1 {[%emt 0:01:06]} 61. Rd5+ {[%emt 0:00:36]} Kg6 {[%emt 0:00:14]} 62. Rd6+ {[%emt 0:01:01]} Kg7 {[%emt 0:00:42]} 63. Rd5 {[%emt 0:01:15]} Kg6 {[%emt 0:00:11]} 64. Rg5+ {[%emt 0:00:02]} Kh6 {[%emt 0:00:07]} 65. Kg2 {[%emt 0:02:38]} Re1 {[%emt 0:00:14]} 66. Re5 {[%emt 0:00:19]} Kg6 {[%emt 0:00:14]} 67. d4 {[%emt 0:00:17]} Rd1 {[%emt 0:00:17]} 68. e3 {[%emt 0:00:21]} Rd3 {[%emt 0:00:28]} 69. Kf3 {[%emt 0:00:30]} Rd1 {[%emt 0:00:11]} 70. Rg5+ Kh6 71. d5 {[%emt 0:02:38]} Rd2 {[%emt 0:01:16]} 72. e4 {[%emt 0:00:12]} Rd3+ {[%emt 0:00:25]} 73. Ke2 {[%emt 0:00:36]} Rh3 {[%emt 0:00:26]} 74. d6 {[%emt 0:00:19]} Rxh4 {[%emt 0:00:14]} 75. d7 {[%emt 0:00:44]} Rxe4+ {[%emt 0:00:39]} 76. Kd3 {[%emt 0:00:10]} Re6 {[%emt 0:00:50]} 77. d8=Q {[%emt 0:00:25]} 1-0

[Event "Karnataka State Open-ch 2018"]
[Site "Bengaluru"]
[Date "2018.04.17"]
[Round "8"]
[White "Kulkarni, Vinayak"]
[Black "Sekhawat, Hussen"]
[Result "1-0"]
[WhiteElo "2179"]
[BlackElo "1915"]
[Annotator "ChessBase"]
[PlyCount "121"]
[EventDate "2018.??.??"]
[EventType "swiss"]
[EventCountry "IND"]
[SourceTitle "playchess.com"]
[Source "ChessBase"]
[SourceQuality "1"]
[TimeControl "5400+30"]

1. Nf3 {[%emt 0:00:00]} Nf6 {[%emt 0:00:20]} 2. g3 {[%emt 0:00:00]} g6 {[%emt 0:00:09]} 3. Bg2 {[%emt 0:00:26]} Bg7 {[%emt 0:00:10]} 4. O-O {[%emt 0:00:39]} O-O {[%emt 0:00:11]} 5. d4 {[%emt 0:00:16]} c5 {[%emt 0:02:37]} 6. c3 {[%emt 0:03:29]} Qc7 {[%emt 0:03:09]} 7. Nbd2 {[%emt 0:09:31]} d6 {[%emt 0:04:47]} 8. dxc5 {[%emt 0:02:13]} Qxc5 {[%emt 0:00:24]} 9. Nd4 {[%emt 0:05:22]} a6 {[%emt 0:03:50]} 10. Ne4 {[%emt 0:02:38]} Nxe4 {[%emt 0:01:20]} 11. Bxe4 {[%emt 0:00:06]} Qc7 {[%emt 0:00:40]} 12. Bg5 {[%emt 0:04:01]} h6 {[%emt 0:02:05]} 13. Be3 {[%emt 0:00:39]} Bh3 {[%emt 0:00:27]} 14. Re1 {[%emt 0:00:53]} Nd7 {[%emt 0:01:49]} 15. Nc2 {[%emt 0:02:47]} Nf6 {[%emt 0:02:29]} 16. Bf3 {[%emt 0:02:31]} Ng4 {[%emt 0:01:26]} 17. Qd2 {[%emt 0:03:43]} Ne5 {[%emt 0:02:31]} 18. Bxh6 {[%emt 0:02:24]} Nxf3+ {[%emt 0:01:25]} 19. exf3 {[%emt 0:00:09]} Qc6 {[%emt 0:03:15]} 20. Nd4 {[%emt 0:05:58]} Qd7 {[%emt 0:13:01]} 21. Rad1 {[%emt 0:09:48]} e5 {[%emt 0:08:24]} 22. Nc2 {[%emt 0:01:55]} Rad8 {[%emt 0:05:16]} 23. Re4 {[%emt 0:03:31]} f5 {[%emt 0:12:02]} 24. Rh4 {[%emt 0:06:42]} f4 {[%emt 0:02:03]} 25. g4 {[%emt 0:03:18]} Bxg4 {[%emt 0:05:21]} 26. Rxg4 {[%emt 0:05:31]} Bxh6 {[%emt 0:01:56]} 27. Rxg6+ {[%emt 0:00:31]} Kh7 {[%emt 0:00:34]} 28. Rxd6 {[%emt 0:04:02]} Rg8+ {[%emt 0:02:07]} 29. Kf1 {[%emt 0:01:47]} Qh3+ {[%emt 0:03:48]} 30. Ke1 {[%emt 0:02:50]} Rde8 {[%emt 0:04:39]} 31. Qd3+ {[%emt 0:02:33]} e4 {[%emt 0:00:51]} 32. fxe4 f3 {[%emt 0:02:42]} 33. Ne3 {[%emt 0:01:43]} Qxh2 {[%emt 0:01:35]} 34. Rd7+ {[%emt 0:03:42]} Kh8 {[%emt 0:01:52]} 35. Qd4+ {[%emt 0:02:04]} Rg7 {[%emt 0:04:55]} 36. Rxg7 {[%emt 0:05:31]} Bxg7 {[%emt 0:00:02]} 37. Qd5 {[%emt 0:00:20]} Qg1+ {[%emt 0:00:52]} 38. Nf1 {[%emt 0:00:09]} Qg4 {[%emt 0:01:51]} 39. Ng3 {[%emt 0:00:29]} Re5 {[%emt 0:00:54]} 40. Qxb7 {[%emt 0:00:28]} a5 {[%emt 0:00:50]} 41. Kd2 {[%emt 0:01:24]} Qe6 {[%emt 0:00:45]} 42. Rh1+ {[%emt 0:00:59]} Kg8 {[%emt 0:00:19]} 43. Qb3 {[%emt 0:00:17]} a4 44. Qxe6+ {[%emt 0:00:10]} Rxe6 {[%emt 0:00:35]} 45. Ke3 {[%emt 0:01:18]} a3 {[%emt 0:01:02]} 46. bxa3 {[%emt 0:00:17]} Rc6 {[%emt 0:00:12]} 47. Kxf3 {[%emt 0:01:15]} Rxc3+ {[%emt 0:00:04]} 48. Kf4 {[%emt 0:00:28]} Rxa3 {[%emt 0:00:10]} 49. Nf5 {[%emt 0:00:09]} Rxa2 {[%emt 0:00:33]} 50. Rg1 {[%emt 0:01:40]} Rxf2+ {[%emt 0:00:00]} 51. Ke3 {[%emt 0:00:06]} Rxf5 52. exf5 {[%emt 0:00:04]} Kf7 {[%emt 0:00:23]} 53. Ke4 {[%emt 0:00:15]} Bf6 {[%emt 0:00:17]} 54. Rg2 {[%emt 0:00:20]} Be7 {[%emt 0:00:25]} 55. Ra2 {[%emt 0:00:14]} Kf6 {[%emt 0:00:28]} 56. Ra6+ {[%emt 0:00:09]} Kf7 {[%emt 0:00:14]} 57. Ke5 {[%emt 0:00:07]} Bd8 {[%emt 0:01:17]} 58. Ra7+ {[%emt 0:00:16]} Ke8 {[%emt 0:00:12]} 59. Ra8 {[%emt 0:00:10]} Kd7 {[%emt 0:00:33]} 60. Rxd8+ {[%emt 0:00:06]} Kxd8 {[%emt 0:00:15]} 61. Ke4 1-0

[Event "Karnataka State Open-ch 2018"]
[Site "Bengaluru"]
[Date "2018.04.17"]
[Round "8"]
[White "Balkishan, A."]
[Black "Keshav Kothari"]
[Result "1-0"]
[WhiteElo "2026"]
[BlackElo "1715"]
[Annotator "NA"]
[PlyCount "179"]
[EventDate "2018.??.??"]
[EventType "swiss"]
[EventCountry "IND"]
[SourceTitle "playchess.com"]
[Source "ChessBase"]
[SourceQuality "1"]
[TimeControl "5400+30"]

{[%evp 10,179,40,21,40,16,23,0,-5,-20,-12,-16,-8,32767,-6,-15,24,32767,31,29,6,0,0,-13,0,32767,32767,32767,32767,32767,32767,32767,25,32767,32767,32767,32767,41,30,17,46,30,18,8,35,41,52,41,59,0,17,-12,6,24,39,54,35,55,54,57,59,0,56,17,7,19,47,64,47,53,40,54,50,76,65,65,58,58,50,54,65,26,58,53,55,57,54,55,47,57,55,52,62,58,50,50,32767,32767,32767,32767,32767,32767,32767,58,45,0,57,0,44,0,51,14,22,0,0,0,0,0,88,32767,32767,32767,32767,32767,45,7,50,70,97,32767,81,32767,32767,39,39,32767,47,20,68,25,54,11,24,10,92,84,89,72,89,110,110,108,129,105,169,168,695,189,437,519,592,489,464,32767,316,382,32767,32767,604,627,29992,29993]} 1. d4 {[%emt 0:00:00]} d5 {[%emt 0:00:20]} 2. c4 {[%emt 0:00:05]} e6 3. Nc3 {[%emt 0:00:18]} Nf6 {[%emt 0:00:17]} 4. Bg5 Nbd7 {[%emt 0:00:18]} 5. e3 {[%emt 0:00:15]} c6 {[%emt 0:00:06]} 6. Qc2 {[%emt 0:00:13]} Qa5 {[%emt 0:13:36] LiveBook: 30 Games} 7. Bf4 {[%emt 0:10:57] D51: Queen's Gambit Declined: 4 Bg5 Nbd7 sidelines} (7. Bh4 Ne4 8. Bd3 Nxc3 9. bxc3 b6 10. Nf3 dxc4 11. Bxc4 Ba6 12. Qd3 Bxc4 13. Qxc4 Rc8 14. O-O Bd6 15. Rfd1 {1-0 (47) Bocharov,D (2560)-Savchenko,B (2567) Berlin 2015}) 7... Bb4 {[%emt 0:07:14]} 8. Bd3 {[%emt 0:03:11]} dxc4 {[%emt 0:00:37]} 9. Bxc4 {[%emt 0:00:07]} Nd5 $146 {[%emt 0:00:04]} ({Predecessor:} 9... h5 10. Nge2 g5 11. Bg3 h4 12. Be5 Nxe5 13. dxe5 Qxe5 {1-0 (21) Velecky,V (2164)-Sheverniayeu,S (2000) Polanica Zdroj 2005}) 10. Bxd5 {[%emt 0:06:20]} exd5 {[%emt 0:00:30]} 11. Nf3 {[%emt 0:00:54]} O-O {[%emt 0:11:12]} 12. O-O {[%emt 0:03:08]} h6 {[%emt 0:01:44]} 13. a3 {[%emt 0:00:58]} Bxc3 {[%emt 0:19:28]} 14. bxc3 {[%emt 0:00:03]} Nb6 {[%emt 0:00:16]} 15. Bd6 {[%emt 0:08:34]} Re8 {[%emt 0:02:30]} 16. Ne5 {[%emt 0:00:50]} Qa4 {[%emt 0:03:51]} 17. Qe2 {[%emt 0:07:00]} Nc4 {[%emt 0:00:30]} 18. Nxc4 Qxc4 19. Qxc4 {[%emt 0:01:00]} dxc4 {[%emt 0:00:00]} 20. Rfe1 {[%emt 0:03:39]} Bf5 {[%emt 0:03:41]} 21. f3 {[%emt 0:00:22]} Bd3 {[%emt 0:00:06]} 22. e4 {[%emt 0:00:27]} f5 {[%emt 0:00:06]} 23. e5 {[%emt 0:02:51]} Kf7 {[%emt 0:00:09]} 24. a4 {[%emt 0:01:06]} b6 {[%emt 0:02:21]} 25. Ra2 {[%emt 0:00:58]} Ke6 {[%emt 0:03:11]} 26. Kf2 {[%emt 0:01:27]} Red8 {[%emt 0:01:17]} 27. h4 {[%emt 0:03:01]} g6 {[%emt 0:03:41]} 28. Ke3 {[%emt 0:01:31]} Rd7 {[%emt 0:00:14]} 29. Kf4 {[%emt 0:01:55]} (29. a5 $5 {[%cal Ra5b6]} b5 30. g3 $14) 29... Rf7 {[%emt 0:00:56]} 30. Rb2 {[%emt 0:02:50]} Re8 {[%emt 0:01:01]} 31. Rh1 {[%emt 0:02:48]} Rd7 {[%emt 0:03:33]} 32. a5 {[%emt 0:05:46]} b5 {[%emt 0:00:07]} 33. a6 {[%emt 0:00:08]} Rf7 {[%emt 0:01:53]} 34. g3 {[%emt 0:06:01]} Rh8 {[%emt 0:00:45]} 35. Rg2 {[%emt 0:00:52]} Re8 {[%emt 0:00:49]} ({Black should try} 35... g5+ $1 $15 36. Ke3 g4) 36. g4 {[%emt 0:04:03]} fxg4+ {[%emt 0:00:07]} 37. Kxg4 {[%emt 0:00:05]} h5+ {[%emt 0:01:06]} 38. Kg3 {[%emt 0:01:37]} Ra8 {[%emt 0:01:43]} 39. Kf2 {[%emt 0:00:07]} Rg7 {[%emt 0:05:16]} 40. Ke3 {[%emt 0:00:08]} Rf7 {[%emt 0:01:00]} 41. Rhg1 {[%emt 0:00:08]} Rg8 {[%emt 0:00:13]} 42. Rg5 {[%emt 0:00:30]} Rfg7 {[%emt 0:00:06]} 43. Rd1 {[%emt 0:01:17]} Rf7 {[%emt 0:01:25]} 44. Rg2 {[%emt 0:00:25]} Rd7 {[%emt 0:01:17]} 45. Rg3 {[%emt 0:02:58]} Rf7 {[%emt 0:00:20]} ({Better is} 45... Rxd6 $11 46. exd6 Kxd6) 46. Rdg1 {[%emt 0:01:09]} Rfg7 {[%emt 0:00:12]} 47. Rg5 {[%emt 0:00:02]} Bf5 {[%emt 0:00:26]} 48. Kd2 {[%emt 0:00:21]} Bd3 {[%emt 0:01:18]} 49. R1g3 {[%emt 0:00:34]} Bf5 {[%emt 0:00:14]} 50. Kc1 {[%emt 0:00:10]} Rh7 {[%emt 0:01:49]} 51. Kb2 {[%emt 0:00:33]} Rhg7 {[%emt 0:02:32]} 52. Ka3 {[%emt 0:00:03]} Bd3 {[%emt 0:06:35]} 53. Kb4 {[%emt 0:00:04]} Kd5 {[%emt 0:00:14]} 54. Rg1 {[%emt 0:01:58]} Bc2 {[%emt 0:00:17]} 55. Bc5 {[%emt 0:00:41]} Ke6 {[%emt 0:00:06]} 56. Ka5 {[%emt 0:03:34]} Bd3 {[%emt 0:01:46]} 57. Ba3 {[%emt 0:00:24]} ({White should play} 57. R5g3 $14) 57... Bf5 {[%emt 0:01:48]} (57... b4 $1 $11 58. Bxb4 Rb8) 58. Re1 {[%emt 0:03:38]} Re8 {[%emt 0:00:05]} (58... b4 $5 59. Bxb4 (59. Kxb4 Bd3 $11) 59... Rb8 $11) 59. Reg1 {[%emt 0:03:37]} Reg8 {[%emt 0:00:22]} 60. Kb4 {[%emt 0:00:18]} Kd5 {[%emt 0:00:37]} 61. e6 {[%emt 0:00:35]} Kxe6 {[%emt 0:00:40]} 62. Kc5 {[%emt 0:07:16]} Kf6 {[%emt 0:02:32]} 63. Kxc6 {[%emt 0:00:58]} Bd7+ {[%emt 0:00:05]} (63... Rb8 $11 {keeps the balance.}) 64. Kd6 {[%emt 0:02:17]} Bc8 {[%emt 0:00:20]} 65. Rxb5 {[%emt 0:01:03]} Bxa6 {[%emt 0:00:01]} 66. Re5 {[%emt 0:00:52]} Rd8+ {[%emt 0:01:25]} 67. Kc5 {[%emt 0:01:02]} Rc7+ {[%emt 0:00:04]} (67... Rb7 $5 {[%cal Rb7b6]} 68. Rge1 Rb5+ 69. Kc6 Rb6+ 70. Kc7 Rdb8 $14) 68. Kb4 {[%emt 0:00:11]} Bb7 {[%emt 0:00:48]} 69. Rge1 {[%emt 0:00:42]} Bd5 {[%emt 0:00:35]} 70. Ka5 {[%emt 0:00:33]} Rdd7 {[%emt 0:00:33]} 71. Re8 {[%emt 0:00:57]} Bf7 {[%emt 0:00:17]} 72. R8e3 {[%emt 0:00:33]} Rd5+ {[%emt 0:00:56]} 73. Bc5 {[%emt 0:00:02]} Kg7 {[%emt 0:00:48]} (73... g5 $11) 74. Rb1 {[%emt 0:00:51]} Rf5 {[%emt 0:00:21]} 75. Rb8 {[%emt 0:00:13]} Rd7 {[%emt 0:00:20]} 76. Kb4 {[%emt 0:00:39]} Rf4 {[%emt 0:00:55]} (76... g5 $11) 77. Be7 {[%emt 0:01:11]} Bd5 {[%emt 0:00:18]} 78. Kc5 {[%emt 0:00:21]} Rf5 {[%emt 0:00:38]} 79. Bd6 {[%emt 0:00:10]} Bxf3+ {[%emt 0:00:36]} 80. Be5+ {[%emt 0:00:06]} Kf7 {[%emt 0:00:19]} 81. Kxc4 {[%emt 0:00:06]} a5 {[%emt 0:00:19]} 82. Rh8 {[%emt 0:00:50]} Re7 $2 {[%emt 0:00:46]} (82... Bc6 83. Kc5 Bh1) 83. Kb5 $2 {[%emt 0:00:35]} (83. Rh7+ Ke8 84. Rxe7+ Kxe7 85. Bf4+ Kf7 86. Rxf3) 83... Rexe5+ $2 {[%emt 0:00:27]} (83... Bg4 {was worth a try.} 84. c4 (84. Kxa5 Rf3 $18) 84... Rf3 85. Rxf3+ Bxf3 86. Kxa5 Bh1) 84. dxe5 {[%emt 0:00:16]} Bd5 {[%emt 0:00:16]} 85. Kxa5 {[%emt 0:00:38]} Rf4 {[%emt 0:00:06]} 86. Rh7+ {[%emt 0:00:52]} Ke6 {[%emt 0:00:18]} 87. Ra7 {[%emt 0:00:25]} Rxh4 {[%emt 0:00:40]} 88. Ra6+ {[%emt 0:00:02]} Kf7 {[%emt 0:01:15]} 89. e6+ {[%emt 0:00:02]} Kf6 {[%emt 0:00:32]} 90. e7+ 1-0

[Event "Karnataka State Open-ch 2018"]
[Site "Bengaluru"]
[Date "2018.04.17"]
[Round "8"]
[White "Gavi, Siddayya"]
[Black "Ramachandra, Bhat"]
[Result "1-0"]
[WhiteElo "1993"]
[BlackElo "1661"]
[Annotator "NA"]
[PlyCount "83"]
[EventDate "2018.??.??"]
[EventType "swiss"]
[EventCountry "IND"]
[SourceTitle "playchess.com"]
[Source "ChessBase"]
[SourceQuality "1"]
[TimeControl "5400+30"]

{[%evp 9,83,33,29,20,24,23,22,12,22,23,47,37,44,18,30,19,24,21,32,18,21,3,32767,39,38,23,29,31,28,28,91,32767,32767,32767,32767,32767,1461,1561,1567,1628,1541,1654,1729,1023,1073,414,377,391,431,32767,655,595,922,994,1032,1214,1216,1249,1234,1270,1195,1281,1289,1462,29991,29992,29992,1251,29993,29992,32767,32767,32767,32767,29998,29999]} 1. e4 {[%emt 0:00:00]} e5 {[%emt 0:00:37]} 2. Nf3 {[%emt 0:00:00]} Nc6 {[%emt 0:00:01]} 3. Bb5 {[%emt 0:00:00]} a6 {[%emt 0:00:05]} 4. Ba4 {[%emt 0:00:00]} Nf6 {[%emt 0:00:05]} 5. O-O {[%emt 0:00:00]} Be7 {[%emt 0:00:06]} 6. d3 {[%emt 0:00:12]} d6 {[%emt 0:00:40]} 7. c3 {[%emt 0:00:18]} O-O {[%emt 0:00:56]} 8. Nbd2 {[%emt 0:00:55]} b5 {[%emt 0:01:24]} 9. Bc2 {[%emt 0:00:09]} Nb8 {[%emt 0:00:25] C77: Ruy Lopez: 3...a6 4 Ba4 Nf6, unusual lines} (9... d5 10. d4 exd4 11. e5 d3 12. Bxd3 Ng4 13. Qe2 f6 14. exf6 Nxf6 15. h3 Bd6 16. Re1 Re8 17. Qd1 Rxe1+ 18. Qxe1 {½-½ (43) Karjakin,S (2773)-Aronian,L (2799) Saint Louis 2017}) 10. Re1 {[%emt 0:01:00] LiveBook: 7 Games} c5 {[%emt 0:00:44]} 11. Nf1 {[%emt 0:00:31]} Re8 {[%emt 0:00:37]} 12. Ng3 {[%emt 0:00:24]} Nbd7 {[%emt 0:00:53]} 13. d4 {[%emt 0:01:26]} Qc7 {[%emt 0:00:22]} 14. Nf5 $146 {[%emt 0:00:52]} ({Predecessor:} 14. a4 Rb8 15. h3 Nf8 16. axb5 axb5 {0-1 (33) Adzic,M (2244)-Pantelic,S (2267) Golubac 2008}) 14... Bf8 {[%emt 0:00:15]} 15. Bg5 {[%emt 0:05:07]} Bb7 {[%emt 0:00:20]} 16. d5 {[%emt 0:00:22]} h6 {[%emt 0:00:18]} 17. Be3 {[%emt 0:02:16]} c4 {[%emt 0:05:56]} 18. h3 {[%emt 0:00:59]} Kh7 {[%emt 0:00:18]} 19. g4 {[%emt 0:03:04]} Ng8 {[%emt 0:01:01]} (19... a5 $11) 20. g5 {[%emt 0:08:31]} g6 {[%emt 0:02:38]} 21. gxh6 {[%emt 0:00:34]} gxf5 {[%emt 0:00:41]} 22. Ng5+ {[%emt 0:00:10]} Kg6 {[%emt 0:01:14]} 23. exf5+ {[%emt 0:00:27]} Kf6 {[%emt 0:00:12]} 24. h7 {[%emt 0:00:25]} Bg7 {[%emt 0:00:13]} 25. Qh5 {[%emt 0:02:48]} Nc5 {[%emt 0:02:09]} 26. Nxf7 {[%emt 0:03:27]} Ke7 {[%emt 0:00:46]} 27. h8=Q {[%emt 0:02:18]} (27. Bg5+ $142 Kd7 28. Qg6) 27... Bxh8 {[%emt 0:00:02]} 28. Nxh8 {[%emt 0:00:01]} Bxd5 {[%emt 0:00:36]} 29. Rad1 {[%emt 0:01:29]} Qc6 {[%emt 0:03:09]} (29... Nd3 $142 30. Bxd3 cxd3 31. Bg5+ Kd7 32. Rxd3 Bc4) 30. Bxc5 {[%emt 0:00:18]} Nf6 {[%emt 0:00:30]} 31. Ng6+ {[%emt 0:01:56]} Kd8 {[%emt 0:02:12]} 32. Qh4 {[%emt 0:00:18]} Qxc5 {[%emt 0:00:20]} 33. Qxf6+ {[%emt 0:00:08]} Kc7 {[%emt 0:00:04]} 34. Qg7+ {[%emt 0:02:57]} Kb6 {[%emt 0:00:15] [#]} 35. Rxd5 $1 {[%emt 0:00:43]} Qxd5 {[%emt 0:00:37]} 36. Be4 {[%emt 0:00:12]} Qd2 {[%emt 0:00:13]} 37. Qb7+ {[%emt 0:00:44]} Ka5 {[%emt 0:00:13]} 38. Qc7+ {[%emt 0:00:59]} Ka4 {[%emt 0:00:17]} 39. b3+ {[%emt 0:00:06]} cxb3 {[%emt 0:00:57]} 40. axb3+ {[%emt 0:00:02]} Kxb3 {[%emt 0:00:13]} 41. Rb1+ {[%emt 0:00:04]} Ka4 {[%emt 0:00:30]} 42. Rb4+ {[%emt 0:00:06]} 1-0